| 000 | 01473cam a22004574i 4500 | ||
|---|---|---|---|
| 003 | PE-LiUPU | ||
| 005 | 20250731173458.0 | ||
| 008 | 150616s r 000 0 d | ||
| 020 | _a0804205264 | ||
| 035 | _a(Sirsi) i9780804205269 | ||
| 040 |
_aPE-LiUPU _bspa _cPE-LiUPU _erda |
||
| 049 | _aPRUA | ||
| 082 | 0 | 4 |
_a291.07 _bL42 _221 |
| 100 | 1 |
_aLeith, John H., _eautor. |
|
| 245 | 1 | 0 | _aCreeds of The Churches. |
| 264 | 1 |
_aLouisville, Kentucky : _bJohn Knox Press, _c1982. |
|
| 300 |
_a736 páginas ; _c19 centímetros |
||
| 336 |
_atext _2rdacontent |
||
| 337 |
_aunmediated _2rdamedia |
||
| 338 |
_avolume _2rdacarrier |
||
| 505 | 0 | _aA reader in Christian doctrine from the Bible to the present Christian. | |
| 526 | _aSEG42 | ||
| 526 | _aSEG41 | ||
| 526 | _aSEG40 | ||
| 526 | _aSEG39 | ||
| 526 | _aP94 | ||
| 526 | _aP87 | ||
| 526 | _aP86 | ||
| 526 | _aP85 | ||
| 526 | _aP77 | ||
| 526 | _aP76 | ||
| 526 | _aP35 | ||
| 650 | 0 | 4 | _aRELIGIONES - ESTUDIO - ANTOLOGIA. |
| 910 |
_ajck _bjvq _cjck |
||
| 942 |
_2ddc _cBOOK |
||
| 949 |
_a291.07 L42 _wDEWEY _c1 _i40158 _lCCODEBUL1 _mBUL _r0 _sY _tBOOK _u2015-6-16 _xTEOLOGIA _zUNKNOWN _0COMPRA _o.STAFF. Colección General |
||
| 994 |
_aC0 _bPEPRU |
||
| 596 | _a1 | ||
| 999 |
_a291.07 L42 _wDEWEY _c57950 _i40158 _f2021-11-11 _g5 _lCCODEBUL1 _mBUL _r0 _sY _tBOOK _u2015-6-16 _xTEOLOGIA _zUNKNOWN _0COMPRA _o.STAFF. Colección General _d57950 |
||
| 980 |
_81 _gALBERTO SANCHEZ Responsable de Automatización |
||